Normal view
MARC view
- MORAN, RICHARD
Entry Personal Name
001 - CONTROL NUMBER
- control field: 6011
003 - CONTROL NUMBER IDENTIFIER
- control field: JO-AjAnu
005 - DATE AND TIME OF LATEST TRANSACTION
- control field: 20230606071257.0
008 - FIXED-LENGTH DATA ELEMENTS
- fixed length control field: 230606|| aca||aabn | a|a d
040 ## - CATALOGING SOURCE
- Original cataloging agency: JO-AjAnu
- Transcribing agency: JO-AjAnu
100 ## - HEADING--PERSONAL NAME
- Personal name: MORAN, RICHARD
670 ## - SOURCE DATA FOUND
- Source citation: Work cat.: (JO-AjAnu)3115: MORAN, RICHARD, author, THE EXCHANGE OF WORDE: Speech, Testimony, and Intersubjectivity